Los Dos Únicos Países... - Estadísticas

Estadísticas generales
  • Esta prueba ha sido intentada 12.345 veces
  • La puntuación promedio es 14 de 19
Estadísticas de respuestas
Uno de los dos países que... Países % Correcto
está en Sudamérica y no limita con Brasil. Chile | Ecuador
99%
tiene una población de más de mil millones de personas India | China
99%
termina en -guay Paraguay | Uruguay
98%
está completamente rodeado por Italia San Marino | Ciudad del Vaticano
97%
empieza con Z Zambia | Zimbabue
96%
es una nación isleña en el mar mediterráneo Chipre | Malta
92%
limita con Suecia Finlandia | Noruega
90%
no tiene salida al océano y está en Sudamérica Bolivia | Paraguay
88%
tiene la palabra "Nueva" en su nombre Nueva Zelanda | Papúa Nueva Guinea
86%
limita sólo con India y China Bután | Nepal
85%
tiene la palabra "Islas" en su nombre Islas {Marshall} | Islas {Salomón}
76%
empieza con A pero no termina con A Afganistán | Azerbaiyán
70%
tiene una bandera cuadrada Suiza | Ciudad del Vaticano
67%
tiene la letra X en su nombre Luxemburgo | México
57%
tiene una población de más de 100 millones pero nunca ha ganado una medalla olímpica. Bangladés | República Democrática del Congo
47%
está rodeado de países sin salida al océano Liechtenstein | Uzbekistán
41%
es africano y usa la ley islámica Mauritania | Sudán
40%
tiene una población de más de dos millones y NO tiene ejército. Costa Rica | Panamá
30%
tiene una capital en uno de los tres lagos más grandes del mundo Azerbaiyán | Uganda
24%
No se encontraron pruebas coincidentes
Distribución de puntuación
Porcentaje de gente con cada puntuación
Porcentaje por número respondido
Historial de tus puntuaciones
No has intentado esta prueba.